|
|
|
|
| LEADER |
00000nab a2200000 a 4500 |
| 001 |
vtls000307212 |
| 003 |
SK-MaSNL |
| 005 |
20260302214821.0 |
| 008 |
111202c1987 xo 0 slo |
| 015 |
|
|
|a SNBRA19rr/mm-uuuuu
|
| 035 |
|
|
|a CL0317331
|
| 040 |
|
|
|a SNKBUCL
|b slo
|c SNKBUCL
|e AACR2
|
| 041 |
0 |
|
|a slo
|
| 044 |
|
|
|a xo
|c SK
|
| 080 |
|
|
|a 504.3:697.32:628.538:061.64(437.6)
|2 1981
|
| 080 |
|
|
|a 697.32
|2 1981
|
| 080 |
|
|
|a 628.538
|2 1981
|
| 080 |
|
|
|a 061.64(437.6)
|2 1981
|
| 100 |
1 |
|
|a Matušík, Anton
|4 aut
|9 930087
|
| 245 |
1 |
0 |
|a Ochrana ovzdušia v bytovom hospodárstve
|c Anton Matušík
|
| 300 |
|
|
|b Tb. 3.
|
| 650 |
0 |
7 |
|a atmosféra
|2 snkbucl
|9 3639
|
| 650 |
0 |
7 |
|a ovzdušie
|x ochrana
|2 snkbucl
|9 296714
|
| 650 |
0 |
7 |
|a Štátna technická inšpekcia ochrany ovzdušia SSR
|2 snkbucl
|9 930088
|
| 655 |
|
7 |
|a články zo zborníkov
|2 snkbucl
|9 166140
|
| 773 |
0 |
|
|t Problematika ochrany ovzdušia pred znečisťovaním kotolňami ústredného kúrenia
|d Žilina : Dom techniky ČSVTS, 1987
|g S. 3-12
|
| 850 |
|
|
|a Slovenská národná knižnica v Martine
|a MTA001
|
| 852 |
|
|
|a SNK
|b KIS3GCP
|
| 958 |
|
|
|a RK
|
| 992 |
|
|
|a RZB
|
| 999 |
|
|
|c 1499708
|d 1501638
|